00487nam a2200157Ia 4500082001200000100001700012245011400029260003500143300001000178650002400188650002700212650002700239650002700266710002000293710001600313 aTS.0848 aSingh, Kiran 0aMaternal influences on birth weight of new born and nutritional status of infants follow-up study in Varanasi c1992bBanaras Hindu University a204p. aINFANTS - NUTRITION aNUTRITION - EVALUATION aNUTRITION - EVALUATION aNUTRITION - EVALUATION aChakravorty, A. aPanda, B.K.